The future of Latin America: can the EU help?

Wedi'i Gadw mewn:
Manylion Llyfryddiaeth
Prif Awdur: Gordillo, Agustín A (Awdur)
Fformat: Llyfr
Iaith:Saesneg
Cyhoeddwyd: Londres ESPERIA 2003
Rhifyn:1a. ed
Pynciau:
Tagiau: Ychwanegu Tag
Dim Tagiau, Byddwch y cyntaf i dagio'r cofnod hwn!

MARC

LEADER 00000nam a2200000 a 4500
001 UCL8373
003 CL-VaPUC
008 040618e20030000UK |||||||||||||||||eng|d
020 |a 1904673007 
082 0 4 |a 341.01  |b GOR  |2 21 
100 |a Gordillo, Agustín A  |e author  |9 384490 
245 1 4 |a The future of Latin America: can the EU help? 
250 |a 1a. ed 
300 |a 161 p 
942 |c BK 
945 |d 20040618 00:00:00  |a cmena 
260 |a Londres  |b ESPERIA  |c 2003 
600 0 7 |a UNION EUROPEA  |2 CL-VaPUC  |9 320734 
650 7 |a DERECHO INTERNACIONAL PUBLICO  |2 CL-VaPUC  |9 486322 
650 0 |a Relaciones Internacionales  |9 255740 
650 0 |a Derechos humanos  |9 223025 
650 0 |a Problemas sociales  |9 258537 
650 0 |a Migración   |9 331531 
650 0 |a Países en desarrollo  |9 259663 
583 |a last modification  |c 20040618 00:00:00  |k Rodrigo Vera 
999 |c 309711  |d 309709 
952 |0 0  |1 0  |4 0  |6 341_010000000000000_GOR_2003  |7 0  |8 A  |9 377431  |a BIBDER  |b BIBDER  |d 2019-11-21  |i 4028627  |o 341.01 GOR 2003  |p 4028627  |r 2023-01-25  |w 2019-11-21  |y BK  |k DER